| 000 | 00942nam0a22002651 4500 | ||
|---|---|---|---|
| 001 | rc\3731697 | ||
| 005 | 20250610105008.0 | ||
| 021 |
_aRU _b[69-105702] |
||
| 035 | _a(NLR Aleph) 007866072 | ||
| 090 |
_a7827424 _c7827424 |
||
| 100 | _a20130115d1969 |||y0rusy50 ca | ||
| 101 | 0 | _arus | |
| 102 | _aRU | ||
| 105 | _aa z ||||| | ||
| 200 | 1 |
_aИз дальних странствий... _eВстречи. Впечатления. Раздумья |
|
| 210 |
_aМосква _cФизкультура и спорт _d1969 |
||
| 215 |
_a199 с. _cил. _d16 |
||
| 606 |
_aСпортивные соревнования международные _2psbo |
||
| 700 | 1 |
_aСоболев _bП. А. _cжурналист, писатель _f1918-1972 _gПетр Александрович _9150179 _3RU\NLR\AUTH\770150216 |
|
| 801 | 0 |
_aRU _bNLR _gpsbo |
|
| 801 | 1 |
_aRU _bELAR _2rusmarc |
|
| 852 |
_aNLR _j69-2/3588 |
||
| 942 | _cBOOK | ||
| 980 | _aNB | ||